000 01056nam a2200265Ia 4500
999 _c3336
_d3336
003 OSt
005 20200330142550.0
008 191128t2012 ck a br 000 1 spa d
020 _a9789588445724
040 _aCO-JMCR
_cCO-JMCR
041 0 _aspa
082 0 4 _aA /
_bWINy
100 _aWinter, Susan, autora
_92183
245 1 0 _aYo puedo /
_cSusan Winter ; traducción Elena Iribarren
260 _aBogotá :
_bEdiciones Ekaré,
_c©2012
300 _a[22] páginas sin numerar :
_bilustraciones a color ;
_c20 cm.
490 _aEl jardín de los niños
500 _aPlan Nacional de Lectura y Escritura Leer es mi Cuento, 2012.
520 _aLos pequeños tienen que vivir un "mal trago" cuando les llegan nuevos hermanitos. Sienten que se la juegan con el amor de sus padres, y refuerzan su autoestima a base de demostrar qué cosas pueden hacer.
521 _aRecomendado para niños 2 años.
546 _aspa
650 _aLibros y lectura para niños
_xálbum
_92184
700 _aIribarren, Elena,
_etraductora
_92185
942 _2ddc
_cBK